000 00464nam a2200181Ia 4500
008 230524s9999 xx 000 0 und d
020 _a8120309855
082 _a621.38219
_bTOC
100 _aRonald J.Tocci
245 0 _aDigital Systems Principles and Applications (6th-ed. 827p)
250 _a6TH
260 _aNEW DELHI
_bPHI
_c1989
300 _aXI;411
500 _aQuantity Number: 3
650 _aElectronics
700 _a Neal S.Widmer
942 _cBK
999 _c8424
_d8424